<?xml version="1.0" encoding="UTF-8"?>
<record
    xmlns:xsi="http://www.w3.org/2001/XMLSchema-instance"
    xsi:schemaLocation="http://www.loc.gov/MARC21/slim http://www.loc.gov/standards/marcxml/schema/MARC21slim.xsd"
    xmlns="http://www.loc.gov/MARC21/slim">

  <leader>01051nam0a22003011  4500</leader>
  <controlfield tag="001">rc\2363142</controlfield>
  <controlfield tag="005">20250623052826.0</controlfield>
  <datafield tag="035" ind1=" " ind2=" ">
    <subfield code="a">(NLR Aleph) 006596296</subfield>
  </datafield>
  <datafield tag="090" ind1=" " ind2=" ">
    <subfield code="a">7200025</subfield>
    <subfield code="c">7200025</subfield>
  </datafield>
  <datafield tag="100" ind1=" " ind2=" ">
    <subfield code="a">20110829d1977    |||y0rusy50      ca</subfield>
  </datafield>
  <datafield tag="101" ind1="0" ind2=" ">
    <subfield code="a">rus</subfield>
  </datafield>
  <datafield tag="102" ind1=" " ind2=" ">
    <subfield code="a">RU</subfield>
  </datafield>
  <datafield tag="105" ind1=" " ind2=" ">
    <subfield code="a">a   z   |||||</subfield>
  </datafield>
  <datafield tag="200" ind1="1" ind2=" ">
    <subfield code="a">&#x41C;&#x43E;&#x440;&#x444;&#x43E;&#x43B;&#x43E;&#x433;&#x438;&#x447;&#x435;&#x441;&#x43A;&#x438;&#x439; &#x430;&#x43D;&#x430;&#x43B;&#x438;&#x437; &#x441;&#x438;&#x441;&#x442;&#x435;&#x43C;</subfield>
    <subfield code="e">&#x41F;&#x43E;&#x441;&#x442;&#x440;&#x43E;&#x435;&#x43D;&#x438;&#x435; &#x43C;&#x43E;&#x440;&#x444;&#x43E;&#x43B;. &#x442;&#x430;&#x431;&#x43B;.</subfield>
  </datafield>
  <datafield tag="210" ind1=" " ind2=" ">
    <subfield code="a">&#x41A;&#x438;&#x435;&#x432;</subfield>
    <subfield code="c">&#x41D;&#x430;&#x443;&#x43A;. &#x434;&#x443;&#x43C;&#x43A;&#x430;</subfield>
    <subfield code="d">1977</subfield>
  </datafield>
  <datafield tag="215" ind1=" " ind2=" ">
    <subfield code="a">148 &#x441;.</subfield>
    <subfield code="c">&#x441;&#x445;&#x435;&#x43C;.</subfield>
    <subfield code="d">21</subfield>
  </datafield>
  <datafield tag="300" ind1=" " ind2=" ">
    <subfield code="a">&#x412; &#x43D;&#x430;&#x434;&#x437;&#x430;&#x433;.: &#x410;&#x41D; &#x423;&#x421;&#x421;&#x420;, &#x418;&#x43D;-&#x442; &#x43A;&#x438;&#x431;&#x435;&#x440;&#x43D;&#x435;&#x442;&#x438;&#x43A;&#x438;</subfield>
  </datafield>
  <datafield tag="316" ind1=" " ind2=" ">
    <subfield code="a">&#x42D;&#x43A;&#x437;. &#x420;&#x41D;&#x411; (82-9/74): &#x421;&#x43A;&#x43E;&#x43F;&#x438;&#x440;&#x43E;&#x432;&#x430;&#x43D;&#x43E; &#x43D;&#x430; &#x43C;&#x43D;&#x43E;&#x436;&#x438;&#x442;. &#x430;&#x43F;&#x43F;&#x430;&#x440;&#x430;&#x442;&#x435; &#x413;&#x41F;&#x411;</subfield>
    <subfield code="5">NLR</subfield>
  </datafield>
  <datafield tag="320" ind1=" " ind2=" ">
    <subfield code="a">&#x411;&#x438;&#x431;&#x43B;&#x438;&#x43E;&#x433;&#x440;.: &#x441;. 138-145</subfield>
  </datafield>
  <datafield tag="700" ind1=" " ind2="1">
    <subfield code="a">&#x41E;&#x434;&#x440;&#x438;&#x43D;</subfield>
    <subfield code="b">&#x412;.&#x41C;.</subfield>
    <subfield code="g">&#x412;&#x430;&#x434;&#x438;&#x43C; &#x41C;&#x438;&#x43D;&#x44B;&#x447;</subfield>
  </datafield>
  <datafield tag="701" ind1=" " ind2="1">
    <subfield code="a">&#x41A;&#x430;&#x440;&#x442;&#x430;&#x432;&#x43E;&#x432;</subfield>
    <subfield code="b">&#x421;.&#x421;.</subfield>
    <subfield code="g">&#x421;&#x435;&#x440;&#x433;&#x435;&#x439; &#x421;&#x435;&#x440;&#x433;&#x435;&#x435;&#x432;&#x438;&#x447;</subfield>
  </datafield>
  <datafield tag="801" ind1=" " ind2="0">
    <subfield code="a">RU</subfield>
    <subfield code="b">NLR</subfield>
    <subfield code="g">psbo</subfield>
  </datafield>
  <datafield tag="801" ind1=" " ind2="1">
    <subfield code="a">RU</subfield>
    <subfield code="b">ELAR</subfield>
    <subfield code="2">rusmarc</subfield>
  </datafield>
  <datafield tag="852" ind1=" " ind2=" ">
    <subfield code="a">NLR</subfield>
    <subfield code="j">82-9/74</subfield>
  </datafield>
  <datafield tag="899" ind1=" " ind2=" ">
    <subfield code="a">RuMoRGB</subfield>
    <subfield code="j">&#x424; 1-80/2493</subfield>
  </datafield>
  <datafield tag="942" ind1=" " ind2=" ">
    <subfield code="c">BOOK</subfield>
  </datafield>
  <datafield tag="980" ind1=" " ind2=" ">
    <subfield code="a">NB</subfield>
  </datafield>
  <datafield tag="995" ind1=" " ind2=" ">
    <subfield code="5">2013-10-26</subfield>
    <subfield code="b">NLR01</subfield>
    <subfield code="c">NLR01</subfield>
    <subfield code="e">RF9</subfield>
    <subfield code="f">1-960617</subfield>
    <subfield code="k">82-9/74</subfield>
    <subfield code="o">0</subfield>
    <subfield code="r">BOOK</subfield>
    <subfield code="s">82974_</subfield>
  </datafield>
  <datafield tag="995" ind1=" " ind2=" ">
    <subfield code="5">2024-01-29</subfield>
    <subfield code="b">NLR01</subfield>
    <subfield code="c">NLR01</subfield>
    <subfield code="e">FM</subfield>
    <subfield code="f">6596296-30</subfield>
    <subfield code="k">&#x41C;&#x444; &#x41A;1/14678</subfield>
    <subfield code="o">0</subfield>
    <subfield code="r">MFILM</subfield>
    <subfield code="s">_114678</subfield>
  </datafield>
</record>
